00225nam a2200097Ia 4500008004100000100001500041245002300056260002400079942000700103999001700110190216s9999||||xx |||||||||||||| ||und|| aMahajan Vd 0aEngland Since 1485 bShakthi Publication cBK c19059d19059